Aspectos polêmicos sobre : (Record no. 986)

MARC details
000 -LÍDER
Campo Fixo de Controle 00983nam a2200253 a 4500
001 - NÚMERO DE CONTROLE
Campo de Controle 986
003 - IDENTIFICAÇÃO DO NÚMERO DE CONTROLE
Campo de Controle BR-CuiBMT
005 - DATA E HORA DA ÚLTIMA ATUALIZAÇÃO
Campo de Controle 20231124201401.0
008 - DADOS FIXOS
Dados Fixos 231110s2016 prba 000 0 por d
040 ## - AGÊNCIA CATALOGADORA
Código da Agência Catalogadora BR-CuiBMT
Agência que transcreveu o registro BR-CuiBMT
080 ## - Nº DA CLASSIFICAÇÃO DECIMAL UNIVERSAL
Nº edição CDU 2007
Nº Class. CDU 35.082
Subd. Auxiliar Comum (079.1)
090 ## - NÚMERO DE CHAMADA
Nº classificação 35.082(079.1)
Cutter A838
245 00 - TÍTULO PRINCIPAL
Título principal Aspectos polêmicos sobre :
Subtítulo concurso público /
Indicação de responsabilidade Francisney Liberato Batista Siqueira (organizadora) ; autores Alisson Carvalho de Alencar ... [et al.] ; prefácio Maria Sylvia Zanella Di Pietro ; apresentação Fernanda Marinela.
260 ## - PUBLICAÇÃO, DISTRIBUIÇÃO, ETC.
Local de publicação Curitiba :
Editora Connecton,
Data c2016.
300 ## - DESCRIÇÃO FÍSICA
N. páginas ou volumes 267 p. :
Ilustrações il. ;
Dimensões 21 cm
500 ## - NOTAS GERAIS
Notas gerais Vários autores.
504 ## - NOTA DE BIBLIOGRAFIA, ETC.
Nota de bibliografia Inclui bibliografia.
650 ## - ASSUNTO TÓPICO
Cabeçalho tópico ou nome geográfico Concurso público
Subdivisão geral Normas jurídicas
650 ## - ASSUNTO TÓPICO
Cabeçalho tópico ou nome geográfico Concurso público
Subdivisão geral Aspectos jurídicos
650 ## - ASSUNTO TÓPICO
Subdivisão geral Concursos, testes, exames
700 1# - ENTRADA SECUNDÁRIA -- NOME PESSOAL
Nome pessoal Siqueira, Francisney Liberato Batista
Cód. do termo explicativo org.
700 1# - ENTRADA SECUNDÁRIA -- NOME PESSOAL
Nome pessoal Alencar, Alisson Carvalho de
Termo de relação et al.
-- autores
942 ## - ELEMENTOS DE ENTRADA ADICIONAIS (KOHA)
Fonte de classificação ou esquema de arquivamento Classificação Decimal Universal
Tipo de item do Koha Livros
Holdings
Estado: removido Estado: perdido Fonte de classificação ou esquema de arquivamento Estado: danificado Indisponível para empréstimo Localização permanente Localização atual Data de aquisição Total Checkouts Número de Chamada completo Código de barras Date last seen Número do exemplar Preço efetivo a partir de Tipo de item (Koha)
    Classificação Decimal Universal     Biblioteca da Escola Superior de Contas do TCE/MT Biblioteca da Escola Superior de Contas do TCE/MT 24/11/2023   35.082(079.1) A838 BIBTCEMT23111061 24/11/2023 Ex. 1 24/11/2023 Livros

Powered by Koha